000
00278nam a2200085Ia 4500
245
0
_a
The Constitution of the Republic of South Africa, 1996
100
_a
South Africa Claremont, Cape Town, 2011 11th ed
_9
76719
942
_c
BK
008
210817s9999 xx 000 0 und d
999
_c
259843
_d
259843